| 000 | 00984nam a22002297a 4500 | ||
|---|---|---|---|
| 005 | 20111104113325.0 | ||
| 010 | _aB-444615 | ||
| 020 |
_a9788179914939 _c100.00 |
||
| 035 | _aB-444615 | ||
| 037 |
_bBlue Berry/ Ven _aDPL |
||
| 082 | _a333.794 | ||
| 100 |
_a Osborne, stephen _937464 |
||
| 245 |
_aGreen Energy : _cby Stephen Osborne _bAlternative energy to the rescue / |
||
| 260 |
_b Popular Prakashan _c2009 _aMumbai |
||
| 270 |
_a301 Mahalaxmi Chambers 22, Bhulabhai Desai Road _bMumbai _e400026 |
||
| 300 |
_a48p. _c25cm (pbk) _bill. |
||
| 490 |
_a Endangered Planet, Brainworks: A Kangaroo Kids initiative _937465 |
||
| 700 | _935705 | ||
| 942 |
_cCH _2ddc _mOSB _h333.794 |
||
| 999 |
_c58098 _d58098 |
||